000 00562nam a2200181 a 4500
001 000025654
005 20200930023940.0
008 110216s1955 xxu r 000 |aspa d
040 _aDO-SdBNP
_bspa
_cBNPHU
082 _axxx
_bR658d, 1955
100 1 _aRobinson, Jeorge L. ,
_952392
245 1 4 _aLos doce profetas menores /
_cJeorge L. Robinson; traducción por Sara A. Hale.
250 _a2a ed.
260 _aEl Paso, Texas, :
_bCasa bautista de Publicaciones,
_c1955.
300 _a168 p. ;
_c20 cm.
700 1 _aHale, Sara A.,
_etr.
_94421
049 _aBNGR
999 _c25146
_d25146